[Event "2. Bundesliga West 2005/2006"]
[Site "AUT"]
[Date "2006.03.17"]
[Round "9"]
[White "Maiwald, Jens Uwe"]
[Black "Schmidt, Georg"]
[Result "1/2-1/2"]
[WhiteElo "2502"]
[BlackElo "2363"]
[PlyCount "85"]
[EventDate "2005.10.??"]
[EventType "team"]
[EventRounds "11"]
[EventCountry "AUT"]
[WhiteTeam "Zillertal II"]
[BlackTeam "Mozart 1910 VI"]
[WhiteTeamCountry "AUT"]
[BlackTeamCountry "AUT"]

1. g3 d5 2. Bg2 c6 3. d3 Bg4 4. h3 Bh5 5. Nf3 Nd7 6. O-O e6 7. e4 Bd6 8. Qe1
dxe4 9. dxe4 Bxf3 10. Bxf3 h5 11. Nd2 h4 12. Nc4 Bc7 13. e5 hxg3 14. fxg3 Nxe5
15. Nxe5 Qd4+ 16. Kg2 Qxe5 17. Qf2 Qf5 18. g4 Qg6 19. b4 Ne7 20. b5 Qf6 21.
bxc6 b6 22. Be4 Be5 23. Qxf6 gxf6 24. Rb1 O-O-O 25. Rb5 Rd4 26. Re1 Bc7 27. Re2
Rc4 28. Bb2 Nxc6 29. Bxf6 Rg8 30. Rh5 Bd8 31. Rh8 Rxh8 32. Bxh8 Ne7 33. Bg7 Ng6
34. Bxg6 fxg6 35. c3 Kd7 36. Kf3 Ra4 37. Rd2+ Ke8 38. Be5 Bg5 39. Re2 Be7 40.
Ke3 Ra5 41. Ke4 Ra4+ 42. Kd3 b5 43. Bd4 1/2-1/2

[Event "2. Bundesliga West 2005/2006"]
[Site "AUT"]
[Date "2006.03.17"]
[Round "9"]
[White "Schiestl, Josef"]
[Black "Hicker, Harald"]
[Result "1-0"]
[WhiteElo "2157"]
[BlackElo "2179"]
[PlyCount "69"]
[EventDate "2005.10.??"]
[EventType "team"]
[EventRounds "11"]
[EventCountry "AUT"]
[WhiteTeam "Zillertal II"]
[BlackTeam "Mozart 1910 VI"]
[WhiteTeamCountry "AUT"]
[BlackTeamCountry "AUT"]

1. e4 e5 2. Bc4 Nc6 3. Nf3 Be7 4. d3 d6 5. c3 Nf6 6. Bb3 O-O 7. O-O Na5 8. Bc2
c5 9. Nbd2 Nc6 10. Re1 Be6 11. Nf1 Qd7 12. Ng3 Kh8 13. h3 Ng8 14. d4 cxd4 15.
cxd4 Nxd4 16. Nxd4 exd4 17. Qxd4 Rfc8 18. Bb3 Bf6 19. Qd3 g6 20. Re2 Bxb3 21.
axb3 Qe6 22. Be3 a6 23. Rd1 Rc6 24. Red2 Bg7 25. Ne2 Re8 26. Nd4 Bxd4 27. Bxd4+
f6 28. f3 Nh6 29. Bc3 Nf7 30. Qd4 Kg7 31. Qe3 b5 32. Rd5 Rec8 33. Qf4 Rc5 34.
Rxd6 Nxd6 35. Rxd6 1-0

[Event "2. Bundesliga West 2005/2006"]
[Site "AUT"]
[Date "2006.03.17"]
[Round "9"]
[White "Tabernig, Bernhard"]
[Black "Peterwagner, Heinz"]
[Result "1/2-1/2"]
[WhiteElo "2324"]
[BlackElo "2216"]
[PlyCount "131"]
[EventDate "2005.10.??"]
[EventType "team"]
[EventRounds "11"]
[EventCountry "AUT"]
[WhiteTeam "Zillertal II"]
[BlackTeam "Mozart 1910 VI"]
[WhiteTeamCountry "AUT"]
[BlackTeamCountry "AUT"]

1. d4 g6 2. c4 Bg7 3. Nc3 Nf6 4. Nf3 O-O 5. Bg5 d6 6. e3 Nbd7 7. Be2 c6 8. O-O
a6 9. a4 a5 10. Qc2 e5 11. dxe5 dxe5 12. Rfd1 Qc7 13. Nd2 Nc5 14. h3 Bf5 15. e4
Bc8 16. Nb3 Ne6 17. Be3 Nd7 18. Bg4 Re8 19. Rd2 Nf6 20. Rad1 Nxg4 21. hxg4 Nd4
22. Nxd4 exd4 23. Bxd4 Bxg4 24. f3 Be6 25. Bxg7 Kxg7 26. Ne2 Rad8 27. Qc3+ Kg8
28. Nd4 Bc8 29. c5 h5 30. Nb3 Rxd2 31. Qxd2 b6 32. Qd6 Qb7 33. Nd4 bxc5 34.
Qxc6 Rd8 35. Qxc5 Qxb2 36. Kh2 Ba6 37. Qe7 Qb8+ 38. e5 Re8 39. Qd6 Bc4 40. Nc6
Qb3 41. Rd4 Qa2 42. Ne7+ Kh7 43. Nd5 Bxd5 44. Qxd5 Qxd5 45. Rxd5 Ra8 46. Kg3
Kg7 47. Kf4 Kf8 48. Rb5 Ke7 49. g3 Ke6 50. Kg5 Ke7 51. f4 Ke6 52. Rb6+ Ke7 53.
Rb5 Ke6 54. Kh6 Rc8 55. Rxa5 Rc3 56. Ra6+ Ke7 57. Kg7 Rxg3 58. Ra7+ Ke6 59.
Rxf7 h4 60. Rf8 h3 61. a5 Rg4 62. a6 h2 63. Rh8 Rxf4 64. Rxh2 Ra4 65. Rg2 Kxe5
66. Rxg6 1/2-1/2

[Event "2. Bundesliga West 2005/2006"]
[Site "AUT"]
[Date "2006.03.17"]
[Round "9"]
[White "Tischbierek, Raj"]
[Black "Lanka, Zigurds"]
[Result "1-0"]
[WhiteElo "2466"]
[BlackElo "2510"]
[PlyCount "129"]
[EventDate "2005.10.??"]
[EventType "team"]
[EventRounds "11"]
[EventCountry "AUT"]
[WhiteTeam "Mozart 1910 VI"]
[BlackTeam "Zillertal II"]
[WhiteTeamCountry "AUT"]
[BlackTeamCountry "AUT"]

1. e4 c5 2. Nf3 Nc6 3. d4 cxd4 4. Nxd4 Nf6 5. Nc3 d6 6. Bg5 e6 7. Qd2 a6 8.
O-O-O Bd7 9. f4 h6 10. Bh4 g5 11. fxg5 Ng4 12. Be2 Nge5 13. Nf3 Be7 14. Bf2
hxg5 15. Na4 Nxf3 16. gxf3 b5 17. Nb6 Rb8 18. Nxd7 Qxd7 19. Be3 Qd8 20. Rdg1 f6
21. h4 Kd7 22. hxg5 fxg5 23. Rxh8 Qxh8 24. Bxg5 Rg8 25. Be3 Rxg1+ 26. Bxg1 Qh1
27. Qd1 Bf6 28. c3 Qh6+ 29. Kb1 Qg5 30. Qc1 Qg2 31. Qf1 Qg7 32. a3 Qh8 33. Be3
Ke7 34. f4 Qh2 35. Ka2 Qh8 36. Qg2 Qe8 37. Bf3 e5 38. f5 Qf7+ 39. Kb1 Na5 40.
Qg1 Qc4 41. Qd1 Qg8 42. Be2 Nc4 43. Bc1 Nb6 44. Qf1 Qg3 45. Qh1 Bh4 46. Qf3
Qxf3 47. Bxf3 Kf6 48. b3 Bg5 49. Bb2 Nd7 50. Kc2 Ke7 51. Be2 Nb6 52. c4 bxc4
53. Bxc4 a5 54. a4 Be3 55. Kd3 Bg1 56. Bc3 Nd7 57. Bd5 Bb6 58. Kc4 Nf6 59. Ba8
Bc7 60. Bc6 Bb6 61. Kb5 Bd4 62. Bxa5 d5 63. Bb4+ Kf7 64. exd5 e4 65. d6 1-0

[Event "2. Bundesliga West 2005/2006"]
[Site "AUT"]
[Date "2006.03.18"]
[Round "10"]
[White "Fuchs, Georg"]
[Black "Besner, Bernhard"]
[Result "1/2-1/2"]
[WhiteElo "2237"]
[BlackElo "2116"]
[PlyCount "131"]
[EventDate "2005.10.??"]
[EventType "team"]
[EventRounds "11"]
[EventCountry "AUT"]
[WhiteTeam "Innsbruck Rochade III"]
[BlackTeam "ASK Salzburg XI"]
[WhiteTeamCountry "AUT"]
[BlackTeamCountry "AUT"]

1. e4 d5 2. exd5 Qxd5 3. Nc3 Qa5 4. d4 Nf6 5. Bc4 Nc6 6. Nge2 Bg4 7. f3 Bh5 8.
Bd2 O-O-O 9. Nb5 Qb6 10. a4 a5 11. Ra3 e6 12. Rb3 Nb4 13. c3 Nbd5 14. Bxd5 Nxd5
15. Nf4 Bg6 16. Nxd5 exd5 17. Bf4 Qe6+ 18. Kf2 Bd6 19. Bxd6 cxd6 20. Re1 Qf6
21. c4 dxc4 22. Rbe3 Bf5 23. Qd2 b6 24. Rc3 Rhe8 25. Rxe8 Rxe8 26. Qf4 Bd3 27.
Nxd6+ Kd7 28. Qxf6 Re2+ 29. Kg3 gxf6 30. Nxc4 Bxc4 31. Rxc4 Rxb2 32. d5 Rb4 33.
Rc6 f5 34. h4 h5 35. Rf6 f4+ 36. Kf2 Rxa4 37. Rxb6 Ra2+ 38. Kf1 Ra1+ 39. Ke2
Ra2+ 40. Kf1 Ra1+ 41. Kf2 Ra2+ 42. Kg1 Ra1+ 43. Kh2 Rd1 44. Rf6 Ke7 45. Rf5 Rd4
46. Rxh5 a4 47. Rf5 Kf8 48. Rf6 Rxd5 49. Ra6 Rd4 50. Kh3 Kg7 51. Kg4 Rc4 52.
Kg5 Rb4 53. h5 Rb2 54. Kxf4 Rxg2 55. Rxa4 Rh2 56. Ra5 Rh1 57. Rg5+ Kf6 58. Rf5+
Kg7 59. Ke5 Re1+ 60. Kd6 Rd1+ 61. Kc5 Rd2 62. f4 Rd1 63. Rd5 Rf1 64. Rf5 Rd1
65. Rd5 Rf1 66. Rf5 1/2-1/2

[Event "2. Bundesliga West 2005/2006"]
[Site "AUT"]
[Date "2006.03.18"]
[Round "10"]
[White "Heinzel, Olaf"]
[Black "Loeffler, Christoph"]
[Result "1-0"]
[WhiteElo "2401"]
[BlackElo "2177"]
[PlyCount "135"]
[EventDate "2005.10.??"]
[EventType "team"]
[EventRounds "11"]
[EventCountry "AUT"]
[WhiteTeam "Innsbruck Rochade III"]
[BlackTeam "ASK Salzburg XI"]
[WhiteTeamCountry "AUT"]
[BlackTeamCountry "AUT"]

1. d4 d5 2. Bf4 Nf6 3. Nf3 c6 4. Nbd2 Bf5 5. e3 e6 6. Be2 Be7 7. Ne5 Nfd7 8.
Bd3 Nxe5 9. Bxf5 Ng6 10. Bd3 Nxf4 11. exf4 Qb6 12. Nf3 Qxb2 13. O-O Qb6 14. f5
exf5 15. Re1 Qd8 16. Qe2 Kf8 17. Qe5 Nd7 18. Qxf5 g6 19. Qf4 Kg7 20. h4 h5 21.
c4 Bf6 22. Rab1 b6 23. cxd5 cxd5 24. Ba6 Nf8 25. Bb7 Qb8 26. Qxb8 Rxb8 27. Bxd5
Rd8 28. Bb3 Nd7 29. g3 Rhe8 30. Rxe8 Rxe8 31. Rc1 Re7 32. Kg2 b5 33. Rc7 Nb6
34. Rc5 Rd7 35. Rxb5 Bxd4 36. Nxd4 Rxd4 37. Rc5 Rd7 38. Kf3 Kf6 39. Ke4 Ke7 40.
Rc6 Rb7 41. f4 Nd7 42. f5 Nf6+ 43. Kf4 gxf5 44. Rc5 Rb4+ 45. Kxf5 Nd7 46. Rc7
a5 47. Bxf7 Rb5+ 48. Kf4 Kxf7 49. Rxd7+ Kg6 50. Rd6+ Kh7 51. Re6 Rb2 52. Re5
Rxa2 53. Rxh5+ Kg6 54. Rb5 Ra4+ 55. Kf3 Ra3+ 56. Kg4 Ra4+ 57. Kh3 Ra3 58. h5+
Kh6 59. Kh4 a4 60. Rb6+ Kh7 61. Ra6 Kg7 62. g4 Ra1 63. Kg5 Kf7 64. Kh6 a3 65.
g5 a2 66. g6+ Ke7 67. g7 Rg1 68. Rxa2 1-0

[Event "2. Bundesliga West 2005/2006"]
[Site "AUT"]
[Date "2006.03.18"]
[Round "10"]
[White "Scheiblmaier, Robert"]
[Black "Jedinger, Andreas"]
[Result "1-0"]
[WhiteElo "2159"]
[BlackElo "2128"]
[PlyCount "97"]
[EventDate "2005.10.??"]
[EventType "team"]
[EventRounds "11"]
[EventCountry "AUT"]
[WhiteTeam "ASK Salzburg XI"]
[BlackTeam "Innsbruck Rochade III"]
[WhiteTeamCountry "AUT"]
[BlackTeamCountry "AUT"]

1. d4 Nf6 2. c4 g6 3. Nc3 c5 4. Nf3 cxd4 5. Nxd4 Nc6 6. e4 Nxd4 7. Qxd4 d6 8.
Be3 Bg7 9. f3 O-O 10. Qd2 Be6 11. Rc1 Qa5 12. Be2 Rfc8 13. b3 Nd7 14. O-O a6
15. Bd4 Bxd4+ 16. Qxd4 Qc5 17. Rfd1 Kf8 18. Kf1 Qxd4 19. Rxd4 g5 20. Rd2 Rc6
21. Rdc2 Rac8 22. Bd3 Ne5 23. Ke2 h6 24. Ke3 R6c7 25. Nd5 Bxd5 26. cxd5 Rxc2
27. Rxc2 Rxc2 28. Bxc2 a5 29. Bd3 Ke8 30. Bb5+ Kd8 31. g3 f6 32. h3 Ng6 33. f4
Nh8 34. Be2 Ng6 35. Bh5 Nf8 36. Bg4 Kc7 37. Bf5 Nd7 38. Bxd7 Kxd7 39. Kd4 b5
40. a3 h5 41. fxg5 fxg5 42. e5 e6 43. b4 axb4 44. axb4 h4 45. g4 Ke7 46. Ke4
dxe5 47. Kxe5 exd5 48. Kxd5 Kf6 49. Kd6 1-0

[Event "2. Bundesliga West 2005/2006"]
[Site "AUT"]
[Date "2006.03.18"]
[Round "10"]
[White "Teufl, Siegfried"]
[Black "Deglmann, Ludwig"]
[Result "1/2-1/2"]
[WhiteElo "2184"]
[BlackElo "2378"]
[PlyCount "98"]
[EventDate "2005.10.??"]
[EventType "team"]
[EventRounds "11"]
[EventCountry "AUT"]
[WhiteTeam "ASK Salzburg XI"]
[BlackTeam "Innsbruck Rochade III"]
[WhiteTeamCountry "AUT"]
[BlackTeamCountry "AUT"]

1. e4 g6 2. f4 Bg7 3. Nf3 d6 4. Bc4 c5 5. Nc3 Nc6 6. a3 e6 7. d3 Nge7 8. O-O
O-O 9. Ne2 d5 10. Ba2 dxe4 11. dxe4 b6 12. c3 Ba6 13. Qxd8 Raxd8 14. Re1 Rd7
15. Be3 Na5 16. Ng3 Nc4 17. Bxc4 Bxc4 18. Ne5 Bxe5 19. fxe5 Nc6 20. Bh6 Rc8 21.
Bf4 Kg7 22. h4 h6 23. Nh1 g5 24. hxg5 hxg5 25. Bxg5 Nxe5 26. Nf2 f6 27. Bf4 Nd3
28. Nxd3 Bxd3 29. e5 fxe5 30. Bxe5+ Kg6 31. Re3 Bc4 32. b3 Rd3 33. Rxd3 Bxd3
34. Re1 Bc2 35. b4 cxb4 36. axb4 Bb3 37. Ra1 Kf5 38. Bd4 e5 39. Rf1+ Kg4 40.
Bxe5 a5 41. bxa5 bxa5 42. Rf6 a4 43. Ra6 Kf5 44. Ra5 Ke4 45. Kf2 Rf8+ 46. Ke1
Kd3 47. Bd4 Kc2 48. Ke2 Bc4+ 49. Ke3 Kb3 1/2-1/2

[Event "2. Bundesliga West 2005/2006"]
[Site "AUT"]
[Date "2006.03.18"]
[Round "10"]
[White "Duer, Werner"]
[Black "Mira, Helene"]
[Result "1-0"]
[WhiteElo "2249"]
[BlackElo "2150"]
[PlyCount "49"]
[EventDate "2005.10.??"]
[EventType "team"]
[EventRounds "11"]
[EventCountry "AUT"]
[WhiteTeam "Absam"]
[BlackTeam "Bregenz X"]
[WhiteTeamCountry "AUT"]
[BlackTeamCountry "AUT"]

1. d4 d5 2. Nf3 Nf6 3. c4 c6 4. e3 a6 5. Nbd2 b5 6. cxd5 cxd5 7. Bd3 Bg4 8. O-O
e6 9. a4 b4 10. a5 Bxf3 11. Nxf3 Bd6 12. Bd2 O-O 13. Qa4 Qe7 14. Ne5 Ra7 15.
Rac1 Ne4 16. Bxe4 dxe4 17. Nc4 Rb7 18. Nxd6 Qxd6 19. Rc5 Nd7 20. Rc6 Qd5 21.
Rfc1 Rfb8 22. Rc8+ Nf8 23. Qe8 Rxc8 24. Rxc8 Qd6 25. Rd8 1-0

[Event "2. Bundesliga West 2005/2006"]
[Site "AUT"]
[Date "2006.03.18"]
[Round "10"]
[White "Luther, Thomas"]
[Black "Volke, Karsten"]
[Result "1/2-1/2"]
[WhiteElo "2569"]
[BlackElo "2473"]
[PlyCount "27"]
[EventDate "2005.10.??"]
[EventType "team"]
[EventRounds "11"]
[EventCountry "AUT"]
[WhiteTeam "Absam"]
[BlackTeam "Bregenz X"]
[WhiteTeamCountry "AUT"]
[BlackTeamCountry "AUT"]

1. e4 e5 2. Nf3 Nc6 3. Bb5 Nf6 4. d3 Bc5 5. O-O Nd4 6. Nxd4 Bxd4 7. c3 Bb6 8.
Nd2 c6 9. Ba4 O-O 10. Nc4 Bc7 11. Ne3 d5 12. Qf3 d4 13. Nf5 Bxf5 14. exf5
1/2-1/2

[Event "2. Bundesliga West 2005/2006"]
[Site "AUT"]
[Date "2006.03.18"]
[Round "10"]
[White "Maux, Martin"]
[Black "Gerhold, Michael"]
[Result "0-1"]
[WhiteElo "2118"]
[BlackElo "2209"]
[PlyCount "82"]
[EventDate "2005.10.??"]
[EventType "team"]
[EventRounds "11"]
[EventCountry "AUT"]
[WhiteTeam "Bregenz X"]
[BlackTeam "Absam"]
[WhiteTeamCountry "AUT"]
[BlackTeamCountry "AUT"]

1. Nf3 c5 2. c4 e6 3. g3 d5 4. cxd5 exd5 5. d4 Nc6 6. Bg2 Nf6 7. O-O Be7 8. Nc3
O-O 9. e3 c4 10. Ne5 Bb4 11. Qa4 Bxc3 12. Nxc6 bxc6 13. bxc3 Qc7 14. Qc2 Be6
15. f3 Qc8 16. Re1 Bf5 17. e4 Bg6 18. Bg5 Nd7 19. Qd2 Nb6 20. h4 Qd7 21. Kh2
Rfe8 22. Bh3 Qd6 23. Bf4 Qa3 24. Bf5 Bxf5 25. exf5 Na4 26. Rxe8+ Rxe8 27. Re1
Rc8 28. Re3 Qb2 29. Qxb2 Nxb2 30. Re7 Nd1 31. h5 h6 32. f6 gxf6 33. Bxh6 Nxc3
34. g4 Nxa2 35. Rxa7 Nc3 36. f4 Nb5 37. Rd7 Nxd4 38. f5 c3 39. Be3 c2 40. h6
Nb3 41. h7+ Kg7 0-1

[Event "2. Bundesliga West 2005/2006"]
[Site "AUT"]
[Date "2006.03.18"]
[Round "10"]
[White "Teske, Henrik"]
[Black "Poettinger, Harald"]
[Result "1-0"]
[WhiteElo "2487"]
[BlackElo "2254"]
[PlyCount "39"]
[EventDate "2005.10.??"]
[EventType "team"]
[EventRounds "11"]
[EventCountry "AUT"]
[WhiteTeam "Absam"]
[BlackTeam "Bregenz X"]
[WhiteTeamCountry "AUT"]
[BlackTeamCountry "AUT"]

1. c4 f5 2. Nf3 Nf6 3. d4 g6 4. g3 Bg7 5. b4 O-O 6. Bg2 d6 7. Bb2 e5 8. dxe5
Nfd7 9. Nbd2 Nc6 10. O-O Ndxe5 11. Nxe5 Nxe5 12. Qb3 Qe7 13. Rac1 c6 14. b5 Bd7
15. Rfd1 Rad8 16. Qa3 a6 17. bxa6 Ra8 18. a7 Nf7 19. Bxg7 Kxg7 20. Qb2+ 1-0

[Event "2. Bundesliga West 2005/2006"]
[Site "AUT"]
[Date "2006.03.18"]
[Round "10"]
[White "Weindl, Alfred"]
[Black "Dizdar, Goran"]
[Result "1/2-1/2"]
[WhiteElo "2352"]
[BlackElo "2542"]
[PlyCount "93"]
[EventDate "2005.10.??"]
[EventType "team"]
[EventRounds "11"]
[EventCountry "AUT"]
[WhiteTeam "Bregenz X"]
[BlackTeam "Absam"]
[WhiteTeamCountry "AUT"]
[BlackTeamCountry "AUT"]

1. e4 c5 2. Nf3 e6 3. d3 Nc6 4. g3 d5 5. Nbd2 Bd6 6. Bg2 Nge7 7. O-O O-O 8. Kh1
b5 9. Ng1 c4 10. d4 Nxd4 11. exd5 Nxd5 12. Nxc4 bxc4 13. Qxd4 Qc7 14. Nf3 Rb8
15. Bd2 Bc5 16. Qg4 Rxb2 17. Qxc4 Bd7 18. Rfd1 Bb5 19. Qh4 Rxc2 20. Nd4 Bxd4
21. Qxd4 Rc8 22. h3 Rc4 23. Qb2 Bc6 24. Kh2 Rb8 25. Qa3 Ra4 26. Qc1 Qd7 27. Qc5
Rc8 28. Qc2 Bb5 29. Qb2 a6 30. Rac1 Rac4 31. Rxc4 Rxc4 32. Be3 f6 33. Rd2 Qc6
34. Bd4 Rc1 35. Qa3 Rc4 36. Qb2 h6 37. Qa3 Ra4 38. Qb2 Rc4 39. Qa3 Kf7 40. Qf3
Kf8 41. Qd3 Qc8 42. Qh7 Ne7 43. Bxf6 gxf6 44. Qxh6+ Kf7 45. Qh7+ Kf8 46. Qh6+
Kf7 47. Qh7+ 1/2-1/2

[Event "2. Bundesliga West 2005/2006"]
[Site "AUT"]
[Date "2006.03.18"]
[Round "10"]
[White "Bezler, Rainer"]
[Black "Atlas, Dimitry"]
[Result "1-0"]
[WhiteElo "2207"]
[BlackElo "2330"]
[PlyCount "105"]
[EventDate "2005.10.??"]
[EventType "team"]
[EventRounds "11"]
[EventCountry "AUT"]
[WhiteTeam "Lustenau VII"]
[BlackTeam "Hohenems V"]
[WhiteTeamCountry "AUT"]
[BlackTeamCountry "AUT"]

1. e4 e6 2. Nc3 d5 3. Nf3 Nf6 4. e5 Nfd7 5. g3 c5 6. d3 Nc6 7. Qe2 Be7 8. Bg2
b5 9. O-O b4 10. Nd1 O-O 11. h4 Re8 12. Bf4 f6 13. exf6 Bxf6 14. a3 bxa3 15.
Rxa3 e5 16. Ng5 Nf8 17. Qf3 e4 18. dxe4 Nd4 19. Qd3 h6 20. c3 hxg5 21. hxg5
dxe4 22. Bxe4 Rxe4 23. Qxe4 Bf5 24. Qe3 Nc2 25. Qxc5 Bh3 26. gxf6 Bxf1 27. f7+
Kxf7 28. Qf5+ Kg8 29. Qxc2 Bd3 30. Qd2 Ng6 31. Ra4 Nxf4 32. Rxf4 Bg6 33. Qxd8+
Rxd8 34. Rd4 Rb8 35. Rd2 a5 36. f3 a4 37. Kf2 Kf7 38. Ne3 Ke6 39. Nc4 Bf7 40.
Rd6+ Ke7 41. Rb6 Rh8 42. Nd2 Rh2+ 43. Ke3 Bb3 44. Rb7+ Kd6 45. Rxg7 Bd1 46. Rg4
Re2+ 47. Kd3 Rg2 48. Rd4+ Kc6 49. g4 Be2+ 50. Ke3 Bd1 51. Kf4 Bc2 52. Nc4 Bb3
53. Rd2 1-0

[Event "2. Bundesliga West 2005/2006"]
[Site "AUT"]
[Date "2006.03.18"]
[Round "10"]
[White "Doskocil, Klaus"]
[Black "Drabke, Lorenz Maximilian"]
[Result "0-1"]
[WhiteElo "2196"]
[BlackElo "2405"]
[PlyCount "72"]
[EventDate "2005.10.??"]
[EventType "team"]
[EventRounds "11"]
[EventCountry "AUT"]
[WhiteTeam "Lustenau VII"]
[BlackTeam "Hohenems V"]
[WhiteTeamCountry "AUT"]
[BlackTeamCountry "AUT"]

1. e4 c5 2. Nc3 Nc6 3. g3 g6 4. Bg2 Bg7 5. Nge2 d6 6. O-O Rb8 7. f4 e6 8. d3
Nge7 9. Be3 O-O 10. Qd2 Nd4 11. Nd1 b5 12. g4 f5 13. gxf5 exf5 14. Ng3 b4 15.
c3 bxc3 16. bxc3 Nb5 17. Rc1 fxe4 18. dxe4 Ba6 19. Bh3 Kh8 20. c4 Na3 21. Be6
Rf6 22. Qd3 Rxe6 23. Qxa3 Bb7 24. f5 gxf5 25. exf5 Rf6 26. Bg5 Qd7 27. Ne3 Rg8
28. Rcd1 Qc6 29. Nd5 Nxd5 30. cxd5 Qe8 31. Qf3 Rf7 32. f6 Bf8 33. Bh4 Qa4 34.
Qh5 Rg6 35. Rf2 Bc8 36. Qe2 Bg4 0-1

[Event "2. Bundesliga West 2005/2006"]
[Site "AUT"]
[Date "2006.03.18"]
[Round "10"]
[White "Gaertner, Guntram"]
[Black "Hugentobler, Patrick"]
[Result "1-0"]
[WhiteElo "2368"]
[BlackElo "2234"]
[PlyCount "91"]
[EventDate "2005.10.??"]
[EventType "team"]
[EventRounds "11"]
[EventCountry "AUT"]
[WhiteTeam "Hohenems V"]
[BlackTeam "Lustenau VII"]
[WhiteTeamCountry "AUT"]
[BlackTeamCountry "AUT"]

1. d4 Nf6 2. Nf3 g6 3. c3 Bg7 4. Bg5 d6 5. Nbd2 Nbd7 6. e3 c5 7. Be2 b6 8. O-O
Bb7 9. a4 a6 10. b4 cxb4 11. cxb4 O-O 12. Qb3 Rc8 13. Rac1 h6 14. Bh4 Rxc1 15.
Rxc1 Qb8 16. Bc4 d5 17. Bd3 Rc8 18. Rc2 Rxc2 19. Qxc2 Qc8 20. Qxc8+ Bxc8 21.
Bg3 Bf8 22. b5 a5 23. Ne5 Nxe5 24. Bxe5 Nd7 25. Bc7 e6 26. f4 f5 27. Nf3 Bg7
28. h3 Kf7 29. Kf2 Bf6 30. Ne5+ Bxe5 31. fxe5 Kg7 32. Kf3 Kf7 33. g4 fxg4+ 34.
Kxg4 Bb7 35. h4 Kg7 36. h5 gxh5+ 37. Kxh5 Bc8 38. Bd8 Bb7 39. Bg6 Bc8 40. Be8
Kh7 41. e4 dxe4 42. Bg6+ Kg7 43. Bxe4 Kf7 44. Kxh6 Ke8 45. Bc7 Ke7 46. Kg7 1-0

[Event "2. Bundesliga West 2005/2006"]
[Site "AUT"]
[Date "2006.03.18"]
[Round "10"]
[White "Grabher, Heinz"]
[Black "Froewis, Georg"]
[Result "1-0"]
[WhiteElo "2279"]
[BlackElo "2124"]
[PlyCount "45"]
[EventDate "2005.10.??"]
[EventType "team"]
[EventRounds "11"]
[EventCountry "AUT"]
[WhiteTeam "Hohenems V"]
[BlackTeam "Lustenau VII"]
[WhiteTeamCountry "AUT"]
[BlackTeamCountry "AUT"]

1. e4 e6 2. d4 d5 3. Nc3 Bb4 4. Nge2 Nf6 5. e5 Nfd7 6. a3 Be7 7. f4 c5 8. Be3
Nc6 9. Qd2 a6 10. dxc5 Nxc5 11. Nd4 Nxd4 12. Bxd4 Bd7 13. Bd3 Nxd3+ 14. cxd3 f5
15. O-O h6 16. Qe3 Bc6 17. Bb6 Qd7 18. Ne2 g5 19. Nd4 Rc8 20. Qh3 g4 21. Qh5+
Kf8 22. Qg6 Bd8 23. Bc5+ 1-0

[Event "2. Bundesliga West 2005/2006"]
[Site "AUT"]
[Date "2006.03.18"]
[Round "10"]
[White "Novkovic, Milan"]
[Black "Ginsburg, Gennadij"]
[Result "0-1"]
[WhiteElo "2402"]
[BlackElo "2513"]
[PlyCount "154"]
[EventDate "2005.10.??"]
[EventType "team"]
[EventRounds "11"]
[EventCountry "AUT"]
[WhiteTeam "Hohenems V"]
[BlackTeam "Lustenau VII"]
[WhiteTeamCountry "AUT"]
[BlackTeamCountry "AUT"]

1. d4 Nf6 2. c4 g6 3. Nc3 Bg7 4. Nf3 O-O 5. Bg5 c5 6. e3 d6 7. Be2 h6 8. Bh4
Bf5 9. O-O Nbd7 10. Rc1 Qb6 11. b3 e5 12. dxe5 dxe5 13. Nd2 g5 14. Bg3 Rfe8 15.
e4 Bg6 16. Bg4 Nf8 17. Nd5 Qa5 18. f3 Rad8 19. Rc2 Nxg4 20. fxg4 Ne6 21. Re1
Nd4 22. Rb2 Qa3 23. Qb1 a6 24. Re3 Qa5 25. Be1 Rd7 26. Nf1 Qd8 27. Ng3 b5 28.
a3 Rb7 29. Qc1 Bf8 30. Rd3 Re6 31. Rdd2 Rc6 32. Rf2 Bg7 33. h3 Ne6 34. Qd1 Qb8
35. Bc3 Nd4 36. Kh1 Re6 37. Qd3 Kh7 38. Nf5 Bf8 39. b4 bxc4 40. Qxc4 Nb5 41.
bxc5 Nxa3 42. Rxb7 Qxb7 43. Qb4 Nb5 44. Bd2 Qc8 45. Be3 f6 46. Qc4 Nd4 47. Bxd4
exd4 48. Rc2 Bxf5 49. gxf5 Rc6 50. Qxd4 Kg7 51. Rc1 a5 52. Qa1 Qd8 53. Qa3 h5
54. Rc4 h4 55. Qc3 Qb8 56. Qxa5 Rxc5 57. Qa1 Rxc4 58. Qxf6+ Kg8 59. Qxg5+ Kh8
60. Qxh4+ Kg8 61. Qg5+ Kh8 62. f6 Qb1+ 63. Kh2 Qc1 64. Nf4 Rc7 65. Ng6+ Kg8 66.
Ne7+ Kf7 67. Qg6+ Ke6 68. Qf5+ Kf7 69. Ng6 Rc5 70. e5 Qh6 71. e6+ Kg8 72. Qe4
Bd6+ 73. Kg1 Qc1+ 74. Kf2 Rc2+ 75. Kf3 Qf1+ 76. Kg4 Rxg2+ 77. Kh4 Qxf6+ 0-1

[Event "2. Bundesliga West 2005/2006"]
[Site "AUT"]
[Date "2006.03.18"]
[Round "10"]
[White "Savchenko, Stanislav"]
[Black "Bezold, Michael"]
[Result "1-0"]
[WhiteElo "2489"]
[BlackElo "2530"]
[PlyCount "59"]
[EventDate "2005.10.??"]
[EventType "team"]
[EventRounds "11"]
[EventCountry "AUT"]
[WhiteTeam "Lustenau VII"]
[BlackTeam "Hohenems V"]
[WhiteTeamCountry "AUT"]
[BlackTeamCountry "AUT"]

1. d4 Nf6 2. Nf3 c5 3. d5 b5 4. Bg5 Qb6 5. Nc3 Bb7 6. e4 b4 7. Na4 Qa5 8. Bxf6
exf6 9. b3 Bd6 10. Nb2 O-O 11. Bd3 Be5 12. Nxe5 fxe5 13. Nc4 Qc7 14. d6 Qd8 15.
O-O Nc6 16. f4 Qe8 17. Qg4 exf4 18. Qxf4 Nd4 19. Rf2 Kh8 20. e5 f5 21. exf6
Rxf6 22. Qh4 Rh6 23. Qg5 Ne6 24. Qe7 Bc6 25. Ne5 Rf6 26. Rxf6 Qxe7 27. dxe7
gxf6 28. Nxc6 dxc6 29. Bf5 Nc7 30. Rd1 1-0

[Event "2. Bundesliga West 2005/2006"]
[Site "AUT"]
[Date "2006.03.18"]
[Round "10"]
[White "Gasthofer, Alexander"]
[Black "Mrva, Martin"]
[Result "0-1"]
[WhiteElo "2418"]
[BlackElo "2490"]
[PlyCount "104"]
[EventDate "2005.10.??"]
[EventType "team"]
[EventRounds "11"]
[EventCountry "AUT"]
[WhiteTeam "Inter Salzburg VIII"]
[BlackTeam "Lochau XII"]
[WhiteTeamCountry "AUT"]
[BlackTeamCountry "AUT"]

1. Nf3 Nf6 2. g3 g6 3. c4 d6 4. d4 Bg4 5. Bg2 Qc8 6. h3 Bd7 7. Nc3 Bg7 8. e4
O-O 9. Be3 Nc6 10. g4 a6 11. Nd2 b5 12. a3 Ne8 13. Ne2 e5 14. d5 Ne7 15. c5 f5
16. Bg5 Nf6 17. c6 Be8 18. f3 fxe4 19. fxe4 Nxg4 20. Qb3 Nf6 21. h4 h6 22. Bh3
Qd8 23. Be3 Nh5 24. O-O-O Kh7 25. Rdf1 Rxf1+ 26. Nxf1 Ng8 27. Be6 Ngf6 28. Nfg3
Qe7 29. Bd2 Bf7 30. Bxf7 Qxf7 31. Rf1 Qe7 32. Nxh5 Nxh5 33. Qh3 Rf8 34. Rxf8
Qxf8 35. Be3 Nf4 36. Qh2 Qf6 37. Nxf4 exf4 38. Bxf4 a5 39. Qd2 Qxh4 40. e5 dxe5
41. Be3 Qc4+ 42. Kd1 b4 43. axb4 axb4 44. d6 cxd6 45. Qxd6 Qb3+ 46. Ke2 Qxb2+
47. Qd2 Qb3 48. Ke1 Qc4 49. Qc1 Qh4+ 50. Kf1 Qh3+ 51. Ke2 e4 52. c7 Bc3 0-1